Engineering Heat Transfer (Record no. 406)

MARC details
000 -LEADER
fixed length control field 00342nam a22001577a 4500
020 ## - INTERNATIONAL STANDARD BOOK NUMBER
International Standard Book Number 81-8524056-6
041 ## - LANGUAGE CODE
Language code of text/sound track or separate title ENG
100 ## - MAIN ENTRY--PERSONAL NAME
Personal name Gupta .C.P
245 ## - TITLE STATEMENT
Title Engineering Heat Transfer
250 ## - EDITION STATEMENT
Edition statement Sixth ED
260 ## - PUBLICATION, DISTRIBUTION, ETC. (IMPRINT)
Place of publication, distribution, etc Roorkke (u.p )
Name of publisher, distributor, etc Nem Chand & Bros .
Date of publication, distribution, etc 1994
300 ## - PHYSICAL DESCRIPTION
Extent 668
650 ## - SUBJECT ADDED ENTRY--TOPICAL TERM
Topical term or geographic name as entry element APE
700 ## - ADDED ENTRY--PERSONAL NAME
Personal name Prakash. R
856 ## - ELECTRONIC LOCATION AND ACCESS
Uniform Resource Identifier APE

No items available.

Contact Us: College of Agricultural Engineering and Technology, Dapoli, Dist.- Ratnagiri
Website: https://dbskkv.org Email: caetlibrary2015@gmail.com